| 000 | 02288nam2a2200301 4500 | ||
|---|---|---|---|
| 001 | RU\NLR\BIBL_A\012822441 | ||
| 005 | 20220704113702.0 | ||
| 010 |
_a978-5-88678-386-5 _9700 |
||
| 021 |
_aRU _bКН-П-22-016387 _9КН-П-22-1410 |
||
| 035 | _a(NLR Aleph) 012822441 | ||
| 035 | _a(RuMoRGB)011010516 | ||
| 090 |
_a12324566 _c12324566 |
||
| 100 | _a20220620d2021 k y0rusy50 ca | ||
| 101 | 0 | _arus | |
| 102 | _aRU | ||
| 105 | _a |||z|||000zy | ||
| 200 | 1 |
_aПогребения XVII - первой трети XVIII века _e[сборник] _fЕ.И. Александровская, Т.Н. Барсукова, С.Б. Боруцкая [и др.] _hч. 1 |
|
| 210 | _d2021 | ||
| 215 |
_a391 с. _cил., табл. |
||
| 300 | _aАвт. указаны на обороте тит. с. | ||
| 320 | _aБиблиогр. в конце ст. | ||
| 461 | 0 |
_1001RU\NLR\bibl\1498290 _12001#$aНекрополь русских великих княгинь и цариц в Вознесенском монастыре Московского Кремля$eматериалы исследований$eв 4 т.$f[Е.И. Александровская, В.А. Бацевич, А.А. Булычев и др.$gотв. ред.-сост.: д. ист. н. Т.Д. Панова$gМ-во культуры Рос. Федерации, Федер. гос. учреждение культуры "Гос. ист.-культур. музей-заповедник "Моск. Кремль"]$vТ. 4 _91756167 _cМосква _d2009 _f[Е.И. Александровская, В.А. Бацевич, А.А. Булычев и др. _nФедеральное государственное учреждение культуры "Государственный историко-культурный музей-заповедник "Московский Кремль"] _oматериалы исследований : в 4 т. _tНекрополь русских великих княгинь и цариц в Вознесенском монастыре Московского Кремля _vТ. 4 |
|
| 701 | 1 |
_aБарсукова _bТ. Н. |
|
| 701 | 1 |
_aБоруцкая _bС. Б. _gСветлана Борисовна |
|
| 942 | _cBOOK | ||
| 980 | _aNB | ||